| 000 | 00835-am-a2200205-a-4500 | ||
|---|---|---|---|
| 003 | AM-YeHGA | ||
| 040 | _aAM-YeHGA | ||
| 090 | _c429039 | ||
| 005 | 20250617155126.0 | ||
| 008 | 990323s1955 xxuru 0 0 rus u rus | ||
| 041 | 0 | _arus | |
| 245 | 0 | 0 |
_aКраткий справочник физико-химических величин / _cСост. Н.М. Барон и др. ; Под ред. К.П. Мищенко, А.А. Равделя. |
| 260 |
_aЛенинград : _bГосхимтехиздат. Ленингр. отд-ние , _c1955. |
||
| 300 | _a87 с. | ||
| 650 | 1 | 4 | _aФизико-химические величины - Справочники |
| 700 | 1 |
_aБарон, Н.М. _eсост. _4com |
|
| 700 | 1 |
_aМищенко, К.П. _eред. _4edt |
|
| 700 | 1 |
_aРавдель, А.А. _eред. _4edt |
|
| 942 |
_2udc _cBK |
||
| 999 |
_c426560 _d426560 |
||